000 00264nam a2200109Ia 4500
008 220204s9999 xx 000 0 und d
082 _a329(540)
_bJAN
100 _aJanardhan Thakur
245 0 _aAll the janata men
260 _aNew Delhi
_bVikas
_c1978
942 _cBK
999 _c27434
_d27434